'G' Sorting Gallery Quiz Stats

 Plays Quiz Updated Oct 27, 2018

Score 0/55 Timer 04:00
690 Plays Today
% Correct
Germany
98.8%
Greece
97.7%
Guatemala
97.3%
Ghana
97%
Garlic
96.8%
Grape
96.5%
Giraffe
96.1%
Ginger
95.6%
Godfather (The)
95.5%
Guyana
95.5%
Gone with the Wind
95.4%
Guacamole
95.2%
Gorilla
95%
Gazelle
94.8%
Georgia
94.4%
Grenada
94.3%
Gecko
94.2%
Guinea-Bissau
94.2%
Guava
93.1%
Gandalf
92.6%
Gnocchi
92.6%
Golf
92%
Groundhog
91.9%
Gladiator
91.3%
Gentleman's Agreement
91.2%
Gymnastics
91.1%
Grizzly
91%
Gallium
90.4%
% Correct
Grand Hotel
90.2%
Gazpacho
89.9%
Gadolinium
89.7%
Gumbo
89.7%
Goalball
89.1%
Gabon
88.7%
Germanium
88.3%
Gollum
88.1%
Gambia (The)
87.1%
Gluttony
86.9%
Gershwin
86.6%
Gaming
86.6%
Geography
86.5%
Gold
85%
Gibbon
83.7%
Gandhi
82.6%
Gila Monster
81.7%
Gimli
81.4%
Galadriel
79.8%
Giant Slalom
79.5%
Glazunov
78.3%
Gliding
78.1%
Gyro
77.5%
Gigi
68.8%
Grima
62.4%
Gloin
59.7%
Gluck
50.9%

You're not logged in!

Compare scores with friends on all Sporcle quizzes.
OR
Log In

Sporcle TV

Today on Sporcle TV


Watch our educational content, quiz creation guides, and fun videos on Sporcle TV.

Show Comments

Extras

Top Quizzes Today


Score Distribution

Your Account Isn't Verified!

In order to create a playlist on Sporcle, you need to verify the email address you used during registration. Go to your Sporcle Settings to finish the process.

Report this User

Report this user for behavior that violates our Community Guidelines.

Details: